000 00331nam a22001457a 4500
003 CEME
005 20210628202244.0
008 210301b xxu||||| |||| 00| 0 eng d
040 _c.
082 _a891.4393 TAR
100 _aTariq Esmail Sagar
_959030
245 _aSazish
650 _aURDU ADAB-NOVEL
_920918
942 _cBK
_2ddc
999 _c569094
_d569094